<?xml version="1.0" encoding="UTF-8"?>
<record
    xmlns:xsi="http://www.w3.org/2001/XMLSchema-instance"
    xsi:schemaLocation="http://www.loc.gov/MARC21/slim http://www.loc.gov/standards/marcxml/schema/MARC21slim.xsd"
    xmlns="http://www.loc.gov/MARC21/slim">

  <leader>00333nam a2200121   4500</leader>
  <datafield tag="999" ind1=" " ind2=" ">
    <subfield code="c">8592</subfield>
    <subfield code="d">8592</subfield>
  </datafield>
  <datafield tag="082" ind1=" " ind2=" ">
    <subfield code="a">004CHO</subfield>
  </datafield>
  <datafield tag="100" ind1=" " ind2=" ">
    <subfield code="a">CHowdhary, B.S</subfield>
  </datafield>
  <datafield tag="245" ind1=" " ind2=" ">
    <subfield code="a">PC Anatomy: an open book on personal computer hardware maintenance and trouble shooting</subfield>
  </datafield>
  <datafield tag="260" ind1=" " ind2=" ">
    <subfield code="a">Hyderabad:</subfield>
    <subfield code="b">Mehran Infotech,</subfield>
    <subfield code="c">1993.</subfield>
  </datafield>
  <datafield tag="300" ind1=" " ind2=" ">
    <subfield code="a">418p. ;</subfield>
  </datafield>
  <datafield tag="650" ind1=" " ind2=" ">
    <subfield code="a">pc Anatomy</subfield>
  </datafield>
  <datafield tag="942" ind1=" " ind2=" ">
    <subfield code="c">BK</subfield>
  </datafield>
  <datafield tag="952" ind1=" " ind2=" ">
    <subfield code="0">0</subfield>
    <subfield code="1">0</subfield>
    <subfield code="4">0</subfield>
    <subfield code="7">0</subfield>
    <subfield code="8">REF</subfield>
    <subfield code="a">REF</subfield>
    <subfield code="b">REF</subfield>
    <subfield code="d">2014-08-07</subfield>
    <subfield code="l">0</subfield>
    <subfield code="o">004CHO (Shelf-02A)</subfield>
    <subfield code="p">22371</subfield>
    <subfield code="r">2014-08-07 00:00:00</subfield>
    <subfield code="y">BK</subfield>
  </datafield>
  <datafield tag="952" ind1=" " ind2=" ">
    <subfield code="0">0</subfield>
    <subfield code="1">0</subfield>
    <subfield code="4">0</subfield>
    <subfield code="7">0</subfield>
    <subfield code="a">QUESTCL</subfield>
    <subfield code="b">QUESTCL</subfield>
    <subfield code="d">2014-08-07</subfield>
    <subfield code="l">0</subfield>
    <subfield code="o">004CHO</subfield>
    <subfield code="p">22372</subfield>
    <subfield code="r">2014-08-07 00:00:00</subfield>
    <subfield code="w">2014-08-07</subfield>
    <subfield code="y">BK</subfield>
  </datafield>
  <datafield tag="952" ind1=" " ind2=" ">
    <subfield code="0">0</subfield>
    <subfield code="1">0</subfield>
    <subfield code="4">0</subfield>
    <subfield code="7">0</subfield>
    <subfield code="a">QUESTCL</subfield>
    <subfield code="b">QUESTCL</subfield>
    <subfield code="d">2014-08-07</subfield>
    <subfield code="l">0</subfield>
    <subfield code="o">004CHO</subfield>
    <subfield code="p">22373</subfield>
    <subfield code="r">2014-08-07 00:00:00</subfield>
    <subfield code="w">2014-08-07</subfield>
    <subfield code="y">BK</subfield>
  </datafield>
  <datafield tag="952" ind1=" " ind2=" ">
    <subfield code="0">0</subfield>
    <subfield code="1">0</subfield>
    <subfield code="4">0</subfield>
    <subfield code="7">0</subfield>
    <subfield code="a">QUESTCL</subfield>
    <subfield code="b">QUESTCL</subfield>
    <subfield code="d">2014-08-07</subfield>
    <subfield code="l">0</subfield>
    <subfield code="o">004CHO</subfield>
    <subfield code="p">22374</subfield>
    <subfield code="r">2014-08-07 00:00:00</subfield>
    <subfield code="w">2014-08-07</subfield>
    <subfield code="y">BK</subfield>
  </datafield>
  <datafield tag="952" ind1=" " ind2=" ">
    <subfield code="0">0</subfield>
    <subfield code="1">0</subfield>
    <subfield code="4">0</subfield>
    <subfield code="7">0</subfield>
    <subfield code="a">QUESTCL</subfield>
    <subfield code="b">ST</subfield>
    <subfield code="d">2014-08-07</subfield>
    <subfield code="l">0</subfield>
    <subfield code="o">004CHO</subfield>
    <subfield code="p">22375</subfield>
    <subfield code="r">2014-08-07 00:00:00</subfield>
    <subfield code="y">BK</subfield>
  </datafield>
  <datafield tag="952" ind1=" " ind2=" ">
    <subfield code="0">0</subfield>
    <subfield code="1">0</subfield>
    <subfield code="4">0</subfield>
    <subfield code="7">0</subfield>
    <subfield code="a">QUESTCL</subfield>
    <subfield code="b">QUESTCL</subfield>
    <subfield code="d">2014-08-07</subfield>
    <subfield code="l">0</subfield>
    <subfield code="o">004CHO</subfield>
    <subfield code="p">22376</subfield>
    <subfield code="r">2014-08-07 00:00:00</subfield>
    <subfield code="w">2014-08-07</subfield>
    <subfield code="y">BK</subfield>
  </datafield>
  <datafield tag="952" ind1=" " ind2=" ">
    <subfield code="0">0</subfield>
    <subfield code="1">0</subfield>
    <subfield code="4">0</subfield>
    <subfield code="7">0</subfield>
    <subfield code="a">QUESTCL</subfield>
    <subfield code="b">QUESTCL</subfield>
    <subfield code="d">2014-08-07</subfield>
    <subfield code="l">0</subfield>
    <subfield code="o">004CHO</subfield>
    <subfield code="p">22377</subfield>
    <subfield code="r">2014-08-07 00:00:00</subfield>
    <subfield code="w">2014-08-07</subfield>
    <subfield code="y">BK</subfield>
  </datafield>
  <datafield tag="952" ind1=" " ind2=" ">
    <subfield code="0">0</subfield>
    <subfield code="1">0</subfield>
    <subfield code="4">0</subfield>
    <subfield code="7">0</subfield>
    <subfield code="a">QUESTCL</subfield>
    <subfield code="b">QUESTCL</subfield>
    <subfield code="d">2014-08-07</subfield>
    <subfield code="l">0</subfield>
    <subfield code="o">004CHO</subfield>
    <subfield code="p">22378</subfield>
    <subfield code="r">2014-08-07 00:00:00</subfield>
    <subfield code="w">2014-08-07</subfield>
    <subfield code="y">BK</subfield>
  </datafield>
  <datafield tag="952" ind1=" " ind2=" ">
    <subfield code="0">0</subfield>
    <subfield code="1">0</subfield>
    <subfield code="4">0</subfield>
    <subfield code="7">0</subfield>
    <subfield code="a">QUESTCL</subfield>
    <subfield code="b">QUESTCL</subfield>
    <subfield code="d">2014-08-07</subfield>
    <subfield code="l">0</subfield>
    <subfield code="o">004CHO</subfield>
    <subfield code="p">22379</subfield>
    <subfield code="r">2014-08-07 00:00:00</subfield>
    <subfield code="w">2014-08-07</subfield>
    <subfield code="y">BK</subfield>
  </datafield>
  <datafield tag="952" ind1=" " ind2=" ">
    <subfield code="0">0</subfield>
    <subfield code="1">0</subfield>
    <subfield code="4">0</subfield>
    <subfield code="7">0</subfield>
    <subfield code="a">QUESTCL</subfield>
    <subfield code="b">QUESTCL</subfield>
    <subfield code="d">2014-08-07</subfield>
    <subfield code="l">0</subfield>
    <subfield code="o">004CHO</subfield>
    <subfield code="p">22380</subfield>
    <subfield code="r">2014-08-07 00:00:00</subfield>
    <subfield code="w">2014-08-07</subfield>
    <subfield code="y">BK</subfield>
  </datafield>
  <datafield tag="952" ind1=" " ind2=" ">
    <subfield code="0">0</subfield>
    <subfield code="1">0</subfield>
    <subfield code="4">0</subfield>
    <subfield code="7">0</subfield>
    <subfield code="a">QUESTCL</subfield>
    <subfield code="b">ST</subfield>
    <subfield code="d">2014-08-07</subfield>
    <subfield code="l">0</subfield>
    <subfield code="o">004CHO</subfield>
    <subfield code="p">22381</subfield>
    <subfield code="r">2014-08-07 00:00:00</subfield>
    <subfield code="y">BK</subfield>
  </datafield>
  <datafield tag="952" ind1=" " ind2=" ">
    <subfield code="0">0</subfield>
    <subfield code="1">0</subfield>
    <subfield code="4">0</subfield>
    <subfield code="7">0</subfield>
    <subfield code="a">QUESTCL</subfield>
    <subfield code="b">QUESTCL</subfield>
    <subfield code="d">2014-08-07</subfield>
    <subfield code="l">0</subfield>
    <subfield code="o">004CHO</subfield>
    <subfield code="p">22382</subfield>
    <subfield code="r">2014-08-07 00:00:00</subfield>
    <subfield code="w">2014-08-07</subfield>
    <subfield code="y">BK</subfield>
  </datafield>
  <datafield tag="952" ind1=" " ind2=" ">
    <subfield code="0">0</subfield>
    <subfield code="1">3</subfield>
    <subfield code="4">0</subfield>
    <subfield code="7">0</subfield>
    <subfield code="a">QUESTCL</subfield>
    <subfield code="b">QUESTCL</subfield>
    <subfield code="d">2014-08-07</subfield>
    <subfield code="l">0</subfield>
    <subfield code="o">004CHO</subfield>
    <subfield code="p">22383</subfield>
    <subfield code="r">2014-08-07 00:00:00</subfield>
    <subfield code="y">BK</subfield>
  </datafield>
  <datafield tag="952" ind1=" " ind2=" ">
    <subfield code="0">0</subfield>
    <subfield code="1">0</subfield>
    <subfield code="4">0</subfield>
    <subfield code="7">0</subfield>
    <subfield code="a">QUESTCL</subfield>
    <subfield code="b">QUESTCL</subfield>
    <subfield code="d">2014-08-07</subfield>
    <subfield code="l">0</subfield>
    <subfield code="o">004CHO</subfield>
    <subfield code="p">22384</subfield>
    <subfield code="r">2014-08-07 00:00:00</subfield>
    <subfield code="w">2014-08-07</subfield>
    <subfield code="y">BK</subfield>
  </datafield>
  <datafield tag="952" ind1=" " ind2=" ">
    <subfield code="0">0</subfield>
    <subfield code="1">0</subfield>
    <subfield code="4">0</subfield>
    <subfield code="7">0</subfield>
    <subfield code="a">QUESTCL</subfield>
    <subfield code="b">QUESTCL</subfield>
    <subfield code="d">2014-08-07</subfield>
    <subfield code="l">0</subfield>
    <subfield code="o">004CHO</subfield>
    <subfield code="p">22385</subfield>
    <subfield code="r">2014-08-07 00:00:00</subfield>
    <subfield code="w">2014-08-07</subfield>
    <subfield code="y">BK</subfield>
  </datafield>
  <datafield tag="952" ind1=" " ind2=" ">
    <subfield code="0">0</subfield>
    <subfield code="1">0</subfield>
    <subfield code="4">0</subfield>
    <subfield code="7">0</subfield>
    <subfield code="8">REF</subfield>
    <subfield code="a">REF</subfield>
    <subfield code="b">REF</subfield>
    <subfield code="d">2014-08-07</subfield>
    <subfield code="l">0</subfield>
    <subfield code="o">004CHO (Shelf-02A)</subfield>
    <subfield code="p">22386</subfield>
    <subfield code="r">2014-08-07 00:00:00</subfield>
    <subfield code="y">BK</subfield>
  </datafield>
  <datafield tag="952" ind1=" " ind2=" ">
    <subfield code="0">0</subfield>
    <subfield code="1">0</subfield>
    <subfield code="4">0</subfield>
    <subfield code="7">0</subfield>
    <subfield code="a">QUESTCL</subfield>
    <subfield code="b">ST</subfield>
    <subfield code="d">2014-08-07</subfield>
    <subfield code="l">0</subfield>
    <subfield code="o">004CHO</subfield>
    <subfield code="p">22387</subfield>
    <subfield code="r">2014-08-07 00:00:00</subfield>
    <subfield code="y">BK</subfield>
  </datafield>
  <datafield tag="952" ind1=" " ind2=" ">
    <subfield code="0">0</subfield>
    <subfield code="1">0</subfield>
    <subfield code="4">0</subfield>
    <subfield code="7">0</subfield>
    <subfield code="a">QUESTCL</subfield>
    <subfield code="b">QUESTCL</subfield>
    <subfield code="d">2014-08-07</subfield>
    <subfield code="l">0</subfield>
    <subfield code="o">004CHO</subfield>
    <subfield code="p">22388</subfield>
    <subfield code="r">2014-08-07 00:00:00</subfield>
    <subfield code="w">2014-08-07</subfield>
    <subfield code="y">BK</subfield>
  </datafield>
  <datafield tag="952" ind1=" " ind2=" ">
    <subfield code="0">0</subfield>
    <subfield code="1">0</subfield>
    <subfield code="4">0</subfield>
    <subfield code="7">0</subfield>
    <subfield code="a">QUESTCL</subfield>
    <subfield code="b">QUESTCL</subfield>
    <subfield code="d">2014-08-07</subfield>
    <subfield code="l">0</subfield>
    <subfield code="o">004CHO</subfield>
    <subfield code="p">22389</subfield>
    <subfield code="r">2014-08-07 00:00:00</subfield>
    <subfield code="w">2014-08-07</subfield>
    <subfield code="y">BK</subfield>
  </datafield>
  <datafield tag="952" ind1=" " ind2=" ">
    <subfield code="0">0</subfield>
    <subfield code="1">0</subfield>
    <subfield code="4">0</subfield>
    <subfield code="7">0</subfield>
    <subfield code="a">QUESTCL</subfield>
    <subfield code="b">ST</subfield>
    <subfield code="d">2014-08-07</subfield>
    <subfield code="l">0</subfield>
    <subfield code="o">004CHO</subfield>
    <subfield code="p">22390</subfield>
    <subfield code="r">2014-08-07 00:00:00</subfield>
    <subfield code="y">BK</subfield>
  </datafield>
  <datafield tag="952" ind1=" " ind2=" ">
    <subfield code="0">0</subfield>
    <subfield code="1">0</subfield>
    <subfield code="4">0</subfield>
    <subfield code="7">0</subfield>
    <subfield code="a">QUESTCL</subfield>
    <subfield code="b">QUESTCL</subfield>
    <subfield code="d">2014-10-14</subfield>
    <subfield code="g">200.00</subfield>
    <subfield code="l">0</subfield>
    <subfield code="o">004CHO</subfield>
    <subfield code="p">29577</subfield>
    <subfield code="r">2014-10-14 00:00:00</subfield>
    <subfield code="w">2014-10-14</subfield>
    <subfield code="y">BK</subfield>
    <subfield code="z">Transfer to CS / IT seminar</subfield>
  </datafield>
</record>
